[Event "Cappelle Online Blitz op"]
[White "Maillard, Xavier"]
[Black "Staune, Jean"]
[Site "Europe Echecs INT"]
[Round "6"]
[Result "1/2-1/2"]
[Date "2021.03.07"]
[WhiteElo "1063"]
[BlackElo "1719"]
[PlyCount "71"]
[EventDate "2021.03.07"]
[EventType "swiss (blitz)"]
[EventRounds "11"]
[EventCountry "FRA"]
[SourceTitle "CBM 201 Extra"]
[Source "ChessBase"]
[SourceDate "2021.05.31"]
[SourceVersion "1"]
[SourceVersionDate "2021.05.31"]
[SourceQuality "1"]

1. c4 e5 2. Nc3 Nf6 3. g3 Bb4 4. e3 Bxc3 5. dxc3 0-0 6. Bg2 Nc6 7. e4 d6 8. Ne2 Be6 9. b3 h6 10. 0-0 Rb8 11. f4 exf4 12. gxf4 Bg4 13. h3 Bh5 14. Qc2 Re8 15. Ng3 Bg6 16. Bd2 Bh7 17. Rae1 Qd7 18. Kh2 Re7 19. Bf3 d5 20. cxd5 Nxd5 21. Qb2 Nf6 22. c4 Nd4 23. Bc3 Nxf3+ 24. Rxf3 Qe6 25. f5 Qc6 26. Rfe3 Rbe8 27. b4 Nxe4 28. Nxe4 Rxe4 29. Qg2 Qd6+ 30. Kh1 g6 31. Rxe4 Rxe4 32. Rxe4 Qd1+ 33. Kh2 Qd6+ 34. Kh1 Qd1+ 35. Kh2 Qd6+ 36. Kh1 1/2-1/2

[Event "Cappelle Online Blitz op"]
[White "Staune, Jean"]
[Black "Dubuisson, Samuel"]
[Site "Europe Echecs INT"]
[Round "3"]
[Result "0-1"]
[Date "2021.03.07"]
[WhiteElo "1719"]
[BlackElo "2044"]
[PlyCount "122"]
[EventDate "2021.03.07"]
[EventType "swiss (blitz)"]
[EventRounds "11"]
[EventCountry "FRA"]
[SourceTitle "CBM 201 Extra"]
[Source "ChessBase"]
[SourceDate "2021.05.31"]
[SourceVersion "1"]
[SourceVersionDate "2021.05.31"]
[SourceQuality "1"]

1. e4 e5 2. Nf3 Nc6 3. c3 d5 4. exd5 Qxd5 5. c4 Qd8 6. Be2 Nf6 7. d3 Bc5 8. 0-0 h6 9. Be3 Nd4 10. Nxd4 Bxd4 11. Bxd4 Qxd4 12. Qc2 Bf5 13. Nc3 c6 14. Rad1 0-0 15. h3 Rad8 16. Rd2 e4 17. Rfd1 e3 18. fxe3 Qxe3+ 19. Kh1 Rfe8 20. Bf3 Bxh3 21. Re2 Qf4 22. Rxe8+ Rxe8 23. Qf2 Bg4 24. d4 Re3 25. Ne2 Rxf3 26. gxf3 Qxf3+ 27. Qxf3 Bxf3+ 28. Kg1 Bxe2 29. Rc1 g5 30. Kf2 Bg4 31. b3 Be6 32. Ke3 Kg7 33. Rd1 Kg6 34. a3 Ng4+ 35. Kd2 f5 36. Kc3 f4 37. d5 cxd5 38. cxd5 Bd7 39. d6 f3 40. Kd3 Kf5 41. Rf1 Kf4 42. Kd2 Nh2 43. Rf2 Kg3 44. Ke1 Ng4 45. Rd2 f2+ 46. Rxf2 Nxf2 47. Kd2 Ne4+ 48. Kd3 Nxd6 49. Kd4 h5 50. Kd5 Nf5 51. Ke5 Kg4 52. b4 h4 53. a4 Bxa4 54. b5 Bxb5 55. Ke4 h3 56. Kd5 h2 57. Kc5 h1Q 58. Kxb5 Qc6+ 59. Ka5 Qb6+ 60. Ka4 Nd4 61. Ka3 Qb3# 0-1

[Event "Cappelle Online Bullet op"]
[White "Ouaki, Mark"]
[Black "Staune, Jean"]
[Site "Europe Echecs INT"]
[Round "10"]
[Result "1-0"]
[Date "2021.03.05"]
[WhiteElo "2081"]
[BlackElo "1719"]
[PlyCount "65"]
[EventDate "2021.03.05"]
[EventType "swiss (blitz)"]
[EventRounds "15"]
[EventCountry "FRA"]
[SourceTitle "EXT 2022"]
[Source "ChessBase"]
[SourceDate "2021.10.06"]
[SourceVersion "1"]
[SourceVersionDate "2021.10.06"]
[SourceQuality "1"]

1. e4 c5 2. Nf3 Nc6 3. d4 cxd4 4. Nxd4 Nf6 5. Nxc6 bxc6 6. Bd3 e6 7. c4 Be7 8. Nc3 0-0 9. Kf1 h6 10. g3 Bb7 11. f3 d5 12. cxd5 cxd5 13. Kg2 dxe4 14. Nxe4 Nxe4 15. Bxe4 Qxd1 16. Rxd1 Bxe4 17. fxe4 Rfd8 18. Be3 Rxd1 19. Rxd1 Rd8 20. Rxd8+ Bxd8 21. Bxa7 Bc7 22. b4 Kf8 23. b5 Ke7 24. b6 Bxb6 25. Bxb6 Kd7 26. Bd4 Kc6 27. Bxg7 f5 28. exf5 exf5 29. Bxh6 f4 30. Kf3 fxg3 31. hxg3 Kd5 32. g4 Ke6 33. a4 1-0

[Event "Cappelle Online Bullet op"]
[White "Pallaro, Jean Yves"]
[Black "Staune, Jean"]
[Site "Europe Echecs INT"]
[Round "5"]
[Result "1-0"]
[Date "2021.03.05"]
[WhiteElo "1366"]
[BlackElo "1719"]
[PlyCount "93"]
[EventDate "2021.03.05"]
[EventType "swiss (blitz)"]
[EventRounds "15"]
[EventCountry "FRA"]
[SourceTitle "EXT 2022"]
[Source "ChessBase"]
[SourceDate "2021.10.06"]
[SourceVersion "1"]
[SourceVersionDate "2021.10.06"]
[SourceQuality "1"]

1. g3 d5 2. Bg2 e6 3. d4 Nf6 4. e3 Bd6 5. Ne2 c6 6. 0-0 0-0 7. Bd2 b6 8. Nbc3 Bb7 9. e4 dxe4 10. Nxe4 Nxe4 11. Bxe4 Nd7 12. Bg2 Nf6 13. Nf4 Rb8 14. Ne2 e5 15. Re1 exd4 16. Rf1 c5 17. c3 Bxg2 18. Kxg2 dxc3 19. Bxc3 Qe7 20. Qc2 Nd5 21. Bd2 Qf6 22. Rae1 Rbd8 23. Nf4 Be5 24. Nxd5 Rxd5 25. f4 Bd4 26. Rf3 Rfd8 27. Qb3 g6 28. g4 Qh4 29. Rh3 Qxg4+ 30. Rg3 Qh4 31. Kf3 Qf6 32. Rg4 Qd6 33. Qd3 Qd7 34. Qc4 Re8 35. Rxe8+ Qxe8 36. Qxd5 Qe1 37. Bxe1 Bxb2 38. Bd2 Bg7 39. Qd8+ Bf8 40. Qg5 Bg7 41. Qd8+ Bf8 42. Qd3 Kg7 43. Qe4 h5 44. Qc6 Kh6 45. Qd5 Bg7 46. Qd3 Bf6 47. Qe4 1-0

[Event "Cappelle Online Bullet op"]
[White "Staune, Jean"]
[Black "Gourarier, Emmanuel"]
[Site "Europe Echecs INT"]
[Round "15"]
[Result "0-1"]
[Date "2021.03.05"]
[WhiteElo "1719"]
[BlackElo "1463"]
[PlyCount "92"]
[EventDate "2021.03.05"]
[EventType "swiss (blitz)"]
[EventRounds "15"]
[EventCountry "FRA"]
[SourceTitle "EXT 2022"]
[Source "ChessBase"]
[SourceDate "2021.10.06"]
[SourceVersion "1"]
[SourceVersionDate "2021.10.06"]
[SourceQuality "1"]

1. e4 g6 2. d4 Bg7 3. Be3 Nf6 4. Bd3 0-0 5. c3 d6 6. Nf3 e5 7. 0-0 exd4 8. cxd4 Bg4 9. Nc3 Nbd7 10. Be2 c6 11. h3 Bxf3 12. Bxf3 c5 13. dxc5 Nxc5 14. Bxc5 dxc5 15. Qxd8 Raxd8 16. Rad1 Nh5 17. Bxh5 gxh5 18. Rfe1 b6 19. e5 f5 20. exf6 Bxf6 21. g3 h4 22. g4 Bd4 23. Rf1 Rfe8 24. Kg2 Re5 25. f3 Bxc3 26. bxc3 Re2+ 27. Rf2 Rxa2 28. Rxa2 Rxd1 29. Rxa7 Rc1 30. Rb7 Rxc3 31. Rxb6 Rc2+ 32. Kf1 c4 33. Rc6 c3 34. Ke1 Rc1+ 35. Ke2 Rh1 36. Kd3 Rxh3 37. Rxc3 Rxf3+ 38. Kd4 Rxc3 39. Kxc3 h3 40. Kd3 h2 41. Ke3 h1Q 42. Kf2 Qg1+ 43. Kxg1 Kg7 44. Kg2 Kg6 45. Kg3 Kg5 46. Kh3 h6 0-1

[Event "Cappelle Online Bullet op"]
[White "Staune, Jean"]
[Black "Roumegous, Adrien"]
[Site "Europe Echecs INT"]
[Round "6"]
[Result "1-0"]
[Date "2021.03.05"]
[WhiteElo "1719"]
[BlackElo "1330"]
[PlyCount "83"]
[EventDate "2021.03.05"]
[EventType "swiss (blitz)"]
[EventRounds "15"]
[EventCountry "FRA"]
[SourceTitle "EXT 2022"]
[Source "ChessBase"]
[SourceDate "2021.10.06"]
[SourceVersion "1"]
[SourceVersionDate "2021.10.06"]
[SourceQuality "1"]

1. e4 e5 2. Nf3 Nc6 3. c3 d5 4. exd5 Qxd5 5. c4 Qd8 6. d3 Nf6 7. Be2 Bc5 8. 0-0 0-0 9. h3 Be6 10. Be3 Bxe3 11. fxe3 e4 12. dxe4 Qxd1 13. Rxd1 Nxe4 14. b3 Ng3 15. Kf2 Nxe2 16. Kxe2 Rad8 17. Nc3 f6 18. Ne4 Ne7 19. Nc5 Bc8 20. Re1 a6 21. Nd4 b6 22. Nce6 Bxe6 23. Nxe6 Kf7 24. Nxf8 Rxf8 25. Red1 Kg6 26. Rd7 Re8 27. Rxc7 Nf5 28. Rd1 Rxe3+ 29. Kf1 Ng3+ 30. Kg1 Ne2+ 31. Kh2 Re5 32. Rdd7 Nf4 33. Rxg7+ Kf5 34. Rxh7 Ne2 35. Rh5+ Ke4 36. Rxe5+ Kxe5 37. Rc6 f5 38. Rxb6 Ke4 39. Rxa6 Kd3 40. Rf6 Kd2 41. Rxf5 Ke1 42. h4 1-0

[Event "Ville d'Orsay online Blitz"]
[White "Baskin, Robert"]
[Black "Staune, Jean"]
[Site "Europe Echecs INT"]
[Round "6"]
[Result "1-0"]
[Date "2021.02.07"]
[WhiteElo "2390"]
[BlackElo "1719"]
[PlyCount "83"]
[EventDate "2021.02.07"]
[EventType "swiss (blitz)"]
[EventRounds "11"]
[EventCountry "FRA"]
[SourceTitle "CBM 200 Extra"]
[Source "ChessBase"]
[SourceDate "2021.03.31"]
[SourceVersion "1"]
[SourceVersionDate "2021.03.31"]
[SourceQuality "1"]

1. d4 d5 2. c4 e6 3. Nc3 Nf6 4. Nf3 Be7 5. Bg5 0-0 6. e3 b6 7. Be2 Bb7 8. cxd5 Nxd5 9. Bxe7 Qxe7 10. Rc1 Nd7 11. Nxd5 Bxd5 12. Rxc7 Rfc8 13. Rxc8+ Rxc8 14. a3 Nf6 15. 0-0 Ne4 16. Nd2 Nxd2 17. Qxd2 Qc7 18. Ba6 Bb7 19. Bxb7 Qxb7 20. Rc1 Rc6 21. Rxc6 Qxc6 22. Qc3 Qd7 23. b4 Kf8 24. h3 g6 25. g4 Ke7 26. Qc4 f5 27. b5 fxg4 28. hxg4 h6 29. a4 h5 30. gxh5 gxh5 31. Qe2 Qd5 32. Qc2 Qg5+ 33. Kf1 h4 34. Qc7+ Kf6 35. Qd8+ Kf5 36. Qxg5+ Kxg5 37. Kg2 Kg4 38. f3+ Kh5 39. Kh3 Kg5 40. f4+ Kh5 41. e4 e5 42. dxe5 1-0

[Event "Ville d'Orsay online Blitz"]
[White "Staune, Jean"]
[Black "Maghsoodloo, Parham"]
[Site "Europe Echecs INT"]
[Round "1"]
[Result "0-1"]
[Date "2021.02.07"]
[WhiteElo "1719"]
[BlackElo "2676"]
[PlyCount "38"]
[EventDate "2021.02.07"]
[EventType "swiss (blitz)"]
[EventRounds "11"]
[EventCountry "FRA"]
[SourceTitle "CBM 200 Extra"]
[Source "ChessBase"]
[SourceDate "2021.03.31"]
[SourceVersion "1"]
[SourceVersionDate "2021.03.31"]
[SourceQuality "1"]

1. e4 e5 2. Nf3 Nc6 3. c3 Nf6 4. d4 exd4 5. e5 Nd5 6. cxd4 Bb4+ 7. Bd2 d6 8. Bxb4 Ndxb4 9. Be2 dxe5 10. Nxe5 Qxd4 11. Nxc6 Qxd1+ 12. Bxd1 Nxc6 13. 0-0 Be6 14. Nc3 0-0-0 15. Bf3 Nd4 16. Be4 f5 17. Bb1 Rhe8 18. Re1 Bc4 19. b3 Rxe1# 0-1

[Event "Ville d'Orsay online Blitz"]
[White "Staune, Jean"]
[Black "Trolong, Alain"]
[Site "Europe Echecs INT"]
[Round "7"]
[Result "1-0"]
[Date "2021.02.07"]
[WhiteElo "1719"]
[BlackElo "1303"]
[PlyCount "271"]
[EventDate "2021.02.07"]
[EventType "swiss (blitz)"]
[EventRounds "11"]
[EventCountry "FRA"]
[SourceTitle "CBM 200 Extra"]
[Source "ChessBase"]
[SourceDate "2021.03.31"]
[SourceVersion "1"]
[SourceVersionDate "2021.03.31"]
[SourceQuality "1"]

1. e4 d5 2. exd5 Qxd5 3. Nc3 Qd8 4. Nf3 Nf6 5. Be2 c6 6. d4 Bg4 7. Be3 Bxf3 8. Bxf3 Nbd7 9. 0-0 e6 10. h3 Be7 11. a3 0-0 12. Qd3 Nb6 13. Ne4 Nbd5 14. Nxf6+ Nxf6 15. c3 Nd5 16. Bd2 Bg5 17. Bxg5 Qxg5 18. Bxd5 cxd5 19. Rfe1 Rfc8 20. Rac1 a6 21. b3 b5 22. c4 bxc4 23. bxc4 dxc4 24. Rxc4 Rxc4 25. Qxc4 Qd8 26. Rc1 h6 27. a4 a5 28. Qc5 Rb8 29. Rc4 Rb1+ 30. Kh2 Qb8+ 31. Qc7 Qxc7+ 32. Rxc7 Rb4 33. d5 exd5 34. Rc5 Rxa4 35. Rxd5 Ra1 36. Kg3 a4 37. Ra5 a3 38. Kg4 Kh7 39. g3 a2 40. f3 g6 41. f4 Kg7 42. Kh4 h5 43. Ra7 Kf6 44. Ra6+ Kg7 45. Ra7 Kg8 46. Ra6 Kf8 47. Ra7 Kg7 48. Kg5 Rg1 49. Rxa2 Rxg3+ 50. Kh4 Rg1 51. Ra7 Kf6 52. Ra6+ Kf5 53. Ra7 f6 54. Ra6 Rf1 55. Ra5+ Kxf4 56. Ra4+ Ke5 57. Ra5+ Ke6 58. Ra6+ Kf7 59. Ra7+ Kg8 60. Kg3 f5 61. Kg2 Rf4 62. Kg3 Re4 63. Kf3 Rb4 64. Kg3 Rb5 65. Kf4 Rb3 66. h4 Rb4+ 67. Kg5 Rb6 68. Kf4 Kf8 69. Kg5 Ke8 70. Kf4 Kd8 71. Rg7 Ke8 72. Ra7 Kd8 73. Rg7 Kc8 74. Rf7 Kb8 75. Kg5 Rd6 76. Rg7 Kc8 77. Rf7 Kd8 78. Rg7 Ke8 79. Ra7 Kf8 80. Rb7 Ke8 81. Rc7 Kd8 82. Ra7 Kc8 83. Rg7 Kb8 84. Rf7 Ka8 85. Rc7 Rb6 86. Rg7 Kb8 87. Re7 Rb4 88. Kxg6 f4 89. Kxh5 f3 90. Rf7 Rb3 91. Kg4 Rb4+ 92. Kg3 f2 93. Rxf2 Rb3+ 94. Kg4 Kc8 95. h5 Rb4+ 96. Kg5 Rb5+ 97. Kg6 Rb6+ 98. Rf6 Rb3 99. h6 Rg3+ 100. Kh7 Kd7 101. Kh8 Ke7 102. Rf1 Ke6 103. h7 Ke7 104. Ra1 Kf7 105. Ra7+ Kf6 106. Ra6+ Kf7 107. Ra7+ Ke6 108. Rg7 Rh3 109. Kg8 Kf6 110. h8Q Rxh8+ 111. Kxh8 Ke6 112. Kh7 Kf6 113. Rg6+ Kf5 114. Kh6 Ke5 115. Kg7 Kf5 116. Rf6+ Ke5 117. Kg6 Kd5 118. Rf5+ Ke6 119. Kg5 Kd6 120. Kg4 Ke6 121. Kf4 Ke7 122. Ke5 Kd7 123. Rf6 Kc7 124. Kd5 Kd7 125. Re6 Kc7 126. Kc5 Kd7 127. Kd5 Kc7 128. Rd6 Kb7 129. Kc5 Kc7 130. Kd5 Kb7 131. Rc6 Ka7 132. Kc5 Kb7 133. Kd6 Ka7 134. Kc7 Ka8 135. Rc1 Ka7 136. Ra1# 1-0

[Event "FRA-ch Blitz Online Qual"]
[White "Staune, Jean"]
[Black "Nizard, Roger"]
[Site "Europe Echecs INT"]
[Round "8"]
[Result "0-1"]
[Date "2020.05.16"]
[WhiteElo "1719"]
[BlackElo "2144"]
[PlyCount "114"]
[EventDate "2020.05.16"]
[EventType "swiss (blitz)"]
[EventRounds "15"]
[EventCountry "FRA"]
[SourceTitle "CBM 196 Extra"]
[Source "ChessBase"]
[SourceDate "2020.07.31"]
[SourceVersion "1"]
[SourceVersionDate "2020.07.31"]
[SourceQuality "1"]

1. e4 c5 2. c3 Nf6 3. e5 Nd5 4. d4 e6 5. Nf3 d6 6. Bb5+ Bd7 7. Bxd7+ Nxd7 8. exd6 Bxd6 9. dxc5 Nxc5 10. 0-0 h6 11. Na3 0-0 12. Nc4 Be7 13. Ne3 Nf4 14. Nc4 Ng6 15. Be3 Qc7 16. Qe2 Rfd8 17. Rfd1 b5 18. Ncd2 a6 19. h3 Nf4 20. Bxf4 Qxf4 21. Qe5 Bd6 22. Qxf4 Bxf4 23. Nf1 Na4 24. Rab1 Rxd1 25. Rxd1 Nxb2 26. Rd4 Bc7 27. Rd7 Rc8 28. Nd4 Na4 29. Nc6 Nc5 30. Ne7+ Kf8 31. Nxc8 Nxd7 32. Na7 Ba5 33. Nc6 Bxc3 34. Ne3 Nc5 35. Kf1 Na4 36. Ke2 Bb2 37. Kd3 Ke8 38. Nb4 Nc5+ 39. Kc2 Bf6 40. Ng4 Be7 41. Nd3 Nxd3 42. Kxd3 Bd6 43. Kd4 Kd7 44. Ne3 Kc6 45. f3 Bc5+ 46. Kd3 Bxe3 47. Kxe3 Kd5 48. Kd3 a5 49. a3 e5 50. g3 f5 51. f4 e4+ 52. Ke3 b4 53. axb4 axb4 54. Kd2 Kd4 55. Kc2 e3 56. Kb3 e2 57. Kxb4 e1Q+ 0-1

[Event "FRA-ch Blitz Online Qual"]
[White "Staune, Jean"]
[Black "Thibous, Leo"]
[Site "Europe Echecs INT"]
[Round "10"]
[Result "1-0"]
[Date "2020.05.16"]
[WhiteElo "1719"]
[BlackElo "1380"]
[PlyCount "37"]
[EventDate "2020.05.16"]
[EventType "swiss (blitz)"]
[EventRounds "15"]
[EventCountry "FRA"]
[SourceTitle "CBM 196 Extra"]
[Source "ChessBase"]
[SourceDate "2020.07.31"]
[SourceVersion "1"]
[SourceVersionDate "2020.07.31"]
[SourceQuality "1"]

1. e4 e5 2. Nf3 Nf6 3. Nc3 d6 4. d4 exd4 5. Nxd4 Nc6 6. Nxc6 bxc6 7. Bd3 Bb7 8. 0-0 c5 9. Bg5 Be7 10. f4 0-0 11. Kh1 h6 12. Bh4 Re8 13. Bg3 Nh5 14. Qxh5 Bf6 15. e5 dxe5 16. fxe5 Bg5 17. Qxf7+ Kh8 18. Qg6 c4 19. Qh7# 1-0